MDQL
is popping MORE tags! Check the
thread
!
Quizzes
Events
Quiz Creation
Community
Videos
Private Events
Remove Ads
Sign In
Join for FREE
Feedback
Dark Mode
Quiz Categories
Sports
Geography
Music
Movies
Television
Just For Fun
Miscellaneous
History
Literature
Language
Science
Gaming
Entertainment
Religion
Holiday
For Kids
Quiz Lab
Recent
Popular Today
Quiz Kudos Today
Editor Picks
Curator Picks
Quizzes by...
Day
Popularity
Type
Ratings
Length
Year
Community
Subscriptions
Recent Discussions
Orange Saloon
Badges
Playlists
Quests
Create
Leaderboards
Showdown
Live 5
Trivia Bingo
Activity
Puzzle Library
Sporcle Events
Private Events
Virtual Trivia
Globe League
Become a Host
Pub Owners
SporcleCon
Opinionation
Our Games
Videos
Blog
Mobile Apps
Partnerships
Remove Ads and Go Orange
Feedback
Music
Pop Music
The Beatles
Song
Album
Lyrics
Bands
Singers
Artist
Clip
Rock
Rap
Classical
Billboard
Country Music
Kpop
Taylor Swift
Music
Pop Music
The Beatles
Song
Album
Lyrics
Bands
Singers
Artist
Clip
Rock
Rap
Classical
Billboard
Country Music
Kpop
Taylor Swift
Random Quiz
Search Sporcle
×
Quiz Lab
Quiz Lab
Music
Iron Maiden
Type in answers that appear in a list
Type in answers that appear in a list
Classic
Best Score? Go Orange.
Iron Maiden quiz Stats
Can you name the random facts about Iron Maiden?
By
Starstruck
10m
40 Questions
820 Plays
820 Plays
820 Plays
Comments
Comments
Give Quiz Kudos
Give Quiz Kudos
-
- Ratings
hide this ad
Replay
Link that replays current quiz
Next Quiz
Link to next quiz in quiz playlist
You Got
0%
They Got
Avg Score
33%
Avg Friend Score
Upgrade to see
Score Distribution
Jump to the score distribution portion of the page
Score
0/40
Timer
10:00
0
Plays Today
Clue
Answer
% Correct
Founder of the band
Steve Harris
95.7%
Year they were formed
1975
94.9%
Name of their mascot
Eddie
81.6%
Number of Bruce Dickinson compositions on 'Somewhere in Time'
Zero
55.6%
Artist who created him
Derek Riggs
49.6%
Name of Iron Maiden's own airplane
Ed Force One
49.5%
Football team that Steve Harris supports
West Ham United
48.6%
First single for EMI
Running Free
47.3%
Original title of the song ultimately known as 'To Tame a Land'
Dune
43.3%
Original singer
Paul Day
42.5%
Blaze Bayley's band before joining Iron Maiden
Wolfsbane
42%
First promotional video
Women in Uniform
40.4%
First vinyl release
The Soundhouse Tapes
38.9%
Country where Janick Gers was born
United Kingdom (England)
37.1%
Tour that promoted 'The Number of the Beast' album
The Beast on the Road
36.4%
'Sheriff of Huddersfield' was written with this man in mind
Rod Smallwood
35.2%
Poet who wrote the original 'Rime of the Ancient Mariner'
Samuel Taylor Coleridge
33.8%
Song about football hooligans
Weekend Warrior
33.8%
Only Iron Maiden song to feature Adrian Smith on lead vocals
Reach Out
32.8%
Song on 'Dance of Death' that was the first one ever credited partially to Nicko McBrain
New Frontier
32.8%
Clue
Answer
% Correct
First song that Bruce Dickinson sang in concert with the band
Sanctuary
29.2%
Producer of 'Brave New World' album
Kevin Shirley
28.9%
Keyboard player seen on stage during 'Seventh Son of a Seventh Son' on 'Maiden England'
Michael Kenney
27.5%
Band that performed 'Hocus Pocus' originally
Focus
26.6%
Nicko McBrain's real name (given name + surname)
Michael McBrain
25.5%
First single released also on cd
Can I Play with Madness?
21.2%
Name the two songs from 'Powerslave' album never released on a single (including b-
sides/
promos/
live versions)
The Duellists and Back in the Village
20.9%
Venue of their first gig
The Cart and Horses
20.4%
'The Edge of Darkness' is based on this movie
Apocalypse Now
20.3%
Name one of the studio outtakes released as b-
sides with 'Man on the Edge'
Judgement Day/Justice of the Peace/I Live My Way
19.2%
Name one of their original guitarists
Dave Sullivan and Terry Rance
18.9%
City where the live version (issued as a single) of 'Fear of the Dark' was recorded
Helsinki, Finland
17.7%
Single released in a special limited edition 'brain pack' (there were other formats too, of course)
Bring Your Daughter...to the Slaughter
16.8%
Original drummer
Ron Matthews
16.6%
Magician on the 'Raising Hell' concert video
Simon Drake
15.5%
Bruce Dickinson flies Boeing 757 for which company
Astraeus Airlines
15.3%
Colombian football player in 'Virtual XI'
Faustino Asprilla
13.4%
Man who spoke the intro to 'The Number of the Beast'
Barry Clayton
11.5%
Art director that designed sleeve and booklet for 'The X Factor'
Hugh Syme
11.4%
Name of the Iron Maiden computer game that was withdrawn circa 'Best of the Beast'
Melt
10.1%
Quiz Playlist
Details
Report
Send in Message
Add To Playlist
Classic:
Type in answers that appear in a list
Last Updated: Feb 16, 2017
Quiz Scoreboard
CHALLENGE
Sign Up to Join the Scoreboard
Show All
Scores
Hide
Comments
May contain spoilers
Recently Published
Colored Red Africa Blitz
by spor1
Geography
30s
Find the 'City' Movie
by crazypaving
Movies
60s
5x2 Blitz: Bands
by SL_Kpop136
Music
30s
More to Explore
Quiz From the Vault
Featured Blog Post
14 Easter Pick-up Lines to Find Eggs With
hide this ad
You Might Also Like...
Tags
iron
Iron Maiden
maiden
Today's Top Quizzes in Music
Browse Music
hide this ad
Today's Top Quizzes in Iron Maiden
Browse Iron Maiden
Top Contributed Quizzes in Music
1
5X2 Blitz: Bands II
2
5X2 Blitz: The Beatles
3
Taylor Swift All Songs (2024)
4
5X2 Blitz: Billboard
5
5X2 Blitz: Billboard II
6
5X2 Blitz: Album
7
Taylor Swift Logic Puzzle II
8
5X2 Blitz: Singers
9
5X2 Blitz: Rock
10
5X2 Blitz: Lyrics
Explore More
Trending Topics
Kpop
Marvel
Disney
Crossword
NBA
Anime
Harry Potter
The Office
WWE
Song
NFL
Pokémon
Soccer
Country
Puzzle
hide this ad
More By:
Starstruck
Quiz
Plays
Rating
Category
Featured
Created
NHL Longest-Serving Captains by Team
4,985
4.16
Sports
Sep 30, 2009
Metal bands by album title, EASY edition
1,253
4.11
Music
Dec 21, 2009
Iron Maiden quiz
820
5.00
Music
Apr 23, 2010
50 Movies by Director and Year
426
2.13
Movies
Nov 4, 2009
Iron Maiden record covers
413
Music
Nov 19, 2009
Go to Creator's Profile
Score Distribution
Quiz Creator Spotlight
Starstruck
Follow
Send a Message
Quizzes Created
-
Created Quiz Play Count
-
More By This Creator
Popular Quizzes Today
1
Colored Red Africa Blitz
2
Find the US States - No Outlines Minefield
3
Find the 'City' Movie
4
5x2 Blitz: Bands
5
The Countries of the World
6
Find the US States
7
Find the Countries of Europe - No Outlines Minefield
8
US States
More Music Quizzes
Ariana Grande Songs with Missing Letters
Quiz Lab
Trending Quizzes
Colored Red Europe Blitz I
Colored Red Europe Blitz II
Colored Red Africa Blitz II
Colored Red Europe Blitz III
Colored Red Africa Blitz III
Recently Updated
How Do You Spell That?
pecheneg
Godzilla Movies
pecheneg
Grab Bag: 4-10 Letters
pecheneg
2024 March Madness Bracket
pecheneg
Famous TV Couples
Peacemaker
Champions League XIs: Real Madrid
pecheneg
Largest US Cities 1790-2010
pecheneg
Rides in Walt Disney World
pecheneg
Most Oscar Losses (Acting)
pecheneg
Beyoncé Albums
pecheneg
Trending Topics
Anime
Marvel
Crossword
NBA
Harry Potter
Kpop
Disney
Song
Soccer
The Office
NFL
Pokémon
WWE
Country
Puzzle
Your Account Isn't Verified!
In order to create a playlist on Sporcle, you need to verify the email address you used during registration. Go to your
Sporcle Settings
to finish the process.
Report this User
Report this user for behavior that violates our
Community Guidelines
.
Details:
Send Report
Go to the Sporcle.com Mobile Site →
Comments